Μπροστά στα μάτια τους

Αποθηκεύτηκε σε:
Λεπτομέρειες βιβλιογραφικής εγγραφής
Κύριος συγγραφέας: Hunter, Cara (Συγγραφέας)
Άλλοι συγγραφείς: Ελιασά, Νοέλα (Μεταφραστής)
Μορφή: Βιβλίο
Γλώσσα:Greek
English
Δημοσίευση: Αθήνα : Διόπτρα, c2019.
Έκδοση:3η έκδ.
Θέματα:
Ετικέτες: Προσθήκη ετικέτας
Δεν υπάρχουν, Καταχωρήστε ετικέτα πρώτοι!

MARC

LEADER 00000nam a2200000 a 4500
001 1/126779
008 230602t2018####gr | ||| |||| ||gre||
020 |a 9789606539138   |q (χαρτόδετο)  
040 |a GR-MyUa  |b gre  |c GR-MyUa  |e AACR2 
041 1 |a gre  |h eng 
082 7 |a 823.92   |2 (23)  
100 1 |a Hunter, Cara,  |e aut 
245 1 0 |a Μπροστά στα μάτια τους /   |c Cara Hunter ; μετάφραση Νοέλα Ελιασά.  
250 |a 3η έκδ.  
260 |a Αθήνα :   |b Διόπτρα,   |c c2019.  
300 |a 366 σ. ;   |c 21 εκ.  
500 |a Μετάφραση του: Close to home.  
650 0 |a English fiction. 
650 0 |a Missing children  |v Fiction. 
650 0 |a Police   |v Fiction. 
700 1 |a Ελιασά, Νοέλα,  |e trl 
852 |a INST  |b CHIOS  |e 20230602  |h 823.92 HUN  |p 005200040471  |q 005200040471  |t BK  |y 4  |x 20230619 
970 |a Σπέντζα  |b Ελένη  |z 02-06-2023